000
00309nam a22001337a 4500
003
SGT
020
_a
978-93-272-6364-0
082
_a
635.1S
_b
SWA
100
_a
SWARUP, VISHNU
245
_a
VEGETABLE SCIENCE AND TECHNOLOGY
260
_a
LUDHIANA
_b
KALYANI PUB.
_c
2020
300
_a
700
942
_2
ddc
_c
BK
_0
2
999
_c
22196
_d
22196